Christopher Nolan Movie Star Quiz - Statistics

General Stats
  • This quiz has been taken 23 times
  • The average score is 9 of 12
Answer Stats
Hint Answer % Correct
2005Batman Begins Christian Bale
100%
2008The Dark Knight Christian Bale
100%
2012The Dark Knight Rises Christian Bale
100%
2023Oppenheimer Cillian Murphy
100%
2010Inception Leonardo DiCaprio
95%
2006The Prestige Hugh Jackman
86%
2014Interstellar Matthew McConaughey
86%
2020 Tenet John David Washington
76%
2000Memento Guy Pearce
67%
2002Insomnia Al Pacino
62%
1998Following Jeremy Theobald
10%
2017Dunkirk Fionn Whitehead
5%
No matching quizzes found
Score Distribution
Percent of People with Each Score
Percentile by Number Answered
Your Score History
You have not taken this quiz